000 00282nam a22001217a 4500
082 _a515.07 RED'A
100 _aREDDICK, H.W
_960038
245 _aADVANCED MATHEMATICS FOR ENGINEER'S
250 _a2ND
260 _aNEWYORK
_bJOHN WILEY & SONS
_c1947
300 _a508
942 _cBK
999 _c569877
_d569877